Advanced managerial economics and public policy / (Record no. 98754)

MARC details
000 -LEADER
fixed length control field 01137nam a22003137a 4500
003 - CONTROL NUMBER IDENTIFIER
control field URS
005 - DATE AND TIME OF LATEST TRANSACTION
control field 20260223164111.0
008 - FIXED-LENGTH DATA ELEMENTS--GENERAL INFORMATION
fixed length control field 260218t2024 ph ||||| |||| 001 0 eng d
020 ## - INTERNATIONAL STANDARD BOOK NUMBER
International Standard Book Number 9786214272150
040 ## - CATALOGING SOURCE
Original cataloging agency DLC
Language of cataloging eng
Transcribing agency DLC
Modifying agency DLC
-- URS
Description conventions rda
082 ## - DEWEY DECIMAL CLASSIFICATION NUMBER
Classification number 338.5
Item number Ad951 2024
100 ## - MAIN ENTRY--PERSONAL NAME
Personal name Bacay, Rene Boy.,
Relator term authors.
245 ## - TITLE STATEMENT
Title Advanced managerial economics and public policy /
Statement of responsibility, etc. Rene Boy Bacay, ... [six others]
264 ## - PRODUCTION, PUBLICATION, DISTRIBUTION, MANUFACTURE, AND COPYRIGHT NOTICE
Place of production, publication, distribution, manufacture Intramuros, Manila:
Name of producer, publisher, distributor, manufacturer Unlimited Books Library Services & Publishing Inc.,
Date of production, publication, distribution, manufacture, or copyright notice [2024]
300 ## - PHYSICAL DESCRIPTION
Extent viii, 368 pages;
Dimensions 25 cm.
336 ## - CONTENT TYPE
Source rdacontent
Content type term text
Content type code txt
337 ## - MEDIA TYPE
Source rdamedia
Media type term unmediated
Media type code n
338 ## - CARRIER TYPE
Source rdacarrier
Carrier type term volume
Carrier type code nc
504 ## - BIBLIOGRAPHY, ETC. NOTE
Bibliography, etc. note Includes bibliographical references (page 367), and indexes.
650 ## - SUBJECT ADDED ENTRY--TOPICAL TERM
Topical term or geographic name entry element Managerial economics.
650 ## - SUBJECT ADDED ENTRY--TOPICAL TERM
Topical term or geographic name entry element Public economy.
700 ## - ADDED ENTRY--PERSONAL NAME
Personal name Abante, Marmelo,
Relator term authors.
700 ## - ADDED ENTRY--PERSONAL NAME
Personal name Vigonte, Florinda,
Relator term co-authors.
700 ## - ADDED ENTRY--PERSONAL NAME
Personal name Ponce De Leon, Eva Marie C.,
Relator term co-authors.
700 ## - ADDED ENTRY--PERSONAL NAME
Personal name Malang, Bernandino, P.,
Relator term co-authors.
700 ## - ADDED ENTRY--PERSONAL NAME
Personal name Lagrazon, Jennifer Edytha J.,
Relator term co-authors.
700 ## - ADDED ENTRY--PERSONAL NAME
Personal name Bacay, Erika,
Relator term co-authors.
942 ## - ADDED ENTRY ELEMENTS (KOHA)
Source of classification or shelving scheme Dewey Decimal Classification
Koha item type Filipiniana
Holdings
Withdrawn status Source of classification or shelving scheme Damaged status Not for loan Home library Current library Shelving location Date acquired Total Checkouts Full call number Barcode Date last seen Price effective from Koha item type
  Dewey Decimal Classification     Pililla College Library Pililla College Library Filipiniana Section 02/18/2026   338.5 Ad951 2024 URSPIL-7486 02/18/2026 02/18/2026 Filipiniana

University of Rizal System
Email us at univlibservices@urs.edu.ph

Visit our Website www.urs.edu.ph/library